000 00727nam a2200253 a 4500
001 BRL_784
005 20190320210908.0
008 071013s1968----mx-a######---#000-0#spa-#
041 _aspa
044 _amx
050 4 _aF1221.T9
_b.P69 1968
100 1 _aPozas, Ricardo
_924933
245 1 0 _aJuan Pérez Jolote
_bbiografía de un tzotil
_cRicardo Pozas A. ; Dibujos de Alberto Beltrán.
250 _a6a ed.
260 _aMéxico
_bFondo de Cultura Económica
_c1968
300 _a117 p.
_bil.
_c17 cm.
440 0 _aColección popular
_v4
_924934
500 _aAu1131
600 1 4 _aPérez Jolote, Juan
_910530
650 1 4 _aTzotziles
_910531
700 1 _aBeltrán, Alberto
_eil.
_99572
902 _aGRL
942 _2lcc
_cB
999 _c9596
_d9596